| 000 | 00727nam a2200229 u 4500 | ||
|---|---|---|---|
| 005 | 20250527063812.0 | ||
| 008 | 071009s2007 es r 000 0 spa d | ||
| 020 | _a9788493486310 | ||
| 035 | _aUPN01000152719 | ||
| 049 | _aI | ||
| 050 | 4 |
_aPZ71 _bK5.43 |
|
| 100 | 1 |
_aKnudsen, Michelle _938381 |
|
| 245 | 1 | 0 |
_aLeón de biblioteca / _cMichelle Knudsen ; il. Kevin Hawkes ; tr. Carmen Diana Dearden. |
| 260 |
_aBarcelona, Esp. : _bEkaré, _c2007. |
||
| 300 |
_a[42] p. : _bprincipalmente il. col. |
||
| 534 |
_pTítulo original: _tLibrary lion |
||
| 650 | 4 |
_aLibros y lectura para niños _92290 |
|
| 650 | 4 |
_aBibliotecas _96203 |
|
| 650 | 4 |
_aLiteratura infantil _94445 |
|
| 700 | 1 |
_aHawkes, Kevin, _eil. |
|
| 905 | _aInfantil | ||
| 999 |
_c124842 _d124842 |
||